[Event "Open de Provence"]
[Site "Meyreuil"]
[Date "2009.07.11"]
[Round "8.18"]
[White "Giry, Valentin"]
[Black "Benali, Boubaker"]
[Result "1/2-1/2"]
[WhiteElo "1370"]
[BlackElo "1770"]
[PlyCount "91"]

1. e4 c5 2. Nf3 d6 3. d4 cxd4 4. Nxd4 Nf6 5. Nc3 a6 6. Bc4 e6 7. Bb3 Nbd7 8.
O-O Nc5 9. Re1 Nxb3 10. Nxb3 Qc7 11. Be3 Be7 12. Qe2 O-O 13. Rad1 b5 14. a3 Bb7
15. f3 Nd7 16. Rd2 Ne5 17. Rb1 Nc4 18. Rd3 Bf6 19. Nd2 Nxa3 20. bxa3 Bxc3 21.
Rb3 Bf6 22. Nf1 Rac8 23. Ng3 d5 24. Rd2 Rfd8 25. Rbd3 Qa5 26. Qf2 Rd6 27. exd5
Bxd5 28. Ne4 Rdc6 29. Nxf6+ gxf6 30. Bd4 e5 31. Bxe5 fxe5 32. Rxd5 Qb6 33. Qxb6
Rxb6 34. Rxe5 Rbc6 35. Ree2 Rc3 36. Rd3 Rxd3 37. cxd3 Rc3 38. Rd2 Rxa3 39. d4
Ra1+ 40. Kf2 b4 41. d5 b3 42. d6 Ra2 43. Rxa2 bxa2 44. d7 a1=Q 45. d8=Q+ Kg7
46. Qg5+ 1/2-1/2

[Event "Open de Provence"]
[Site "Meyreuil"]
[Date "2009.07.11"]
[Round "8.19"]
[White "Jean, Nicolas"]
[Black "Noireaut, Hoan"]
[Result "1-0"]
[WhiteElo "1680"]
[BlackElo "1500"]
[PlyCount "45"]

1. e4 d5 2. exd5 Qxd5 3. Nc3 Qa5 4. Bc4 Nf6 5. d3 Bf5 6. Bd2 c6 7. Nf3 e6 8.
O-O Bd6 9. Nh4 Bg6 10. Re1 Bh5 11. Qc1 O-O 12. Ne4 Qd8 13. Nxf6+ Qxf6 14. Bg5
Qd4 15. c3 Qb6 16. h3 Nd7 17. d4 Rfe8 18. g4 Bg6 19. Nxg6 hxg6 20. h4 e5 21.
Qc2 exd4 22. Qxg6 Kh8 23. Qh5+ 1-0

[Event "Open de Provence"]
[Site "Meyreuil"]
[Date "2009.07.11"]
[Round "8.20"]
[White "Chazeau, Laineur-Lothaire"]
[Black "Benezra, David"]
[Result "1-0"]
[WhiteElo "1650"]
[BlackElo "1440"]
[PlyCount "52"]

1. d4 Nf6 2. Bf4 g6 3. Nf3 Bg7 4. a3 d6 5. e3 O-O 6. Be2 c5 7. c3 Be6 8. Nbd2
Qb6 9. b3 Nc6 10. O-O Nd5 11. dxc5 Qxc5 12. Ne4 Nxc3 13. Nxc3 Qxc3 14. Rc1 Qa5
15. a4 Rac8 16. Nd4 Nxd4 17. exd4 Qb4 18. Rxc8 Rxc8 19. d5 Qxf4 20. dxe6 fxe6
21. Bg4 Qf6 22. Re1 Rc3 23. Bxe6+ Kh8 24. Qd5 b6 25. Qa8+ Qf8 26. Qxa7 Rxb3 1-0

[Event "Open de Provence"]
[Site "Meyreuil"]
[Date "2009.07.11"]
[Round "8.21"]
[White "Aubry, Michel"]
[Black "Benezra, Amos"]
[Result "0-1"]
[WhiteElo "1499"]
[BlackElo "1410"]
[PlyCount "86"]

1. f4 d6 2. Nf3 g6 3. e3 Nf6 4. b3 Bg7 5. Bb2 O-O 6. Be2 Nbd7 7. O-O Re8 8. Qe1
e5 9. fxe5 dxe5 10. h3 c5 11. Nc3 e4 12. Nh2 b6 13. Qf2 Qe7 14. Nd1 Bb7 15. Qg3
Rad8 16. Bc3 a6 17. Bg4 b5 18. Qf2 b4 19. Bb2 Nxg4 20. Nxg4 f5 21. Nh2 a5 22.
Qe2 Qd6 23. Bxg7 Kxg7 24. Nb2 Ne5 25. Rf2 Ba6 26. Qe1 c4 27. bxc4 Bxc4 28. d4
exd3 29. cxd3 Nxd3 30. Nxd3 Qxd3 31. Nf1 Qd5 32. Rd2 Qe5 33. Rad1 Rxd2 34. Nxd2
Bxa2 35. Nf3 Qxe3+ 36. Qxe3 Rxe3 37. Rd7+ Kh6 38. h4 b3 39. Ng5 Kh5 40. Rxh7+
Kg4 41. Nf3 b2 42. Kf2 b1=Q 43. Nh2+ Kf4 0-1

[Event "Open de Provence"]
[Site "Meyreuil"]
[Date "2009.07.11"]
[Round "8.22"]
[White "Bizien, Antoine"]
[Black "Montanelli, Tristan"]
[Result "0-1"]
[WhiteElo "1400"]
[BlackElo "1638"]
[PlyCount "82"]

1. e4 e6 2. d4 c5 3. c3 b6 4. Be3 Bb7 5. Nd2 Nf6 6. Bd3 cxd4 7. cxd4 Nc6 8. a3
Be7 9. Ngf3 h6 10. O-O Ng4 11. Bf4 Nf6 12. h3 O-O 13. Be3 d6 14. Qe2 Qd7 15.
Ba6 Rfc8 16. Bxb7 Qxb7 17. Rac1 Nd8 18. Qd3 Rc7 19. Rxc7 Qxc7 20. Nb3 Rc8 21.
Rc1 Qb7 22. Rxc8 Qxc8 23. Bd2 Qb7 24. e5 Nd5 25. exd6 Bxd6 26. Nc1 a6 27. Ne5
Bxe5 28. dxe5 b5 29. Bc3 Nc6 30. b4 Nce7 31. Nb3 Nf4 32. Qe3 Ned5 33. Nc5 Qc8
34. Qd2 Nxc3 35. Kf1 Nfd5 36. Qd3 Qc7 37. Qd4 a5 38. Ke1 axb4 39. axb4 Qa7 40.
Kd2 Qa2+ 41. Kd3 Qe2# 0-1

[Event "Open de Provence"]
[Site "?"]
[Date "2009.07.12"]
[Round "9.1"]
[White "Tholey, Jean-Paul"]
[Black "Apicella, Manuel"]
[Result "0-1"]
[WhiteElo "2008"]
[BlackElo "2525"]
[PlyCount "114"]

1. d4 Nf6 2. Nf3 g6 3. Bf4 Bg7 4. e3 O-O 5. Bd3 d6 6. c3 Nbd7 7. Nbd2 Re8 8.
Qc2 e5 9. Bg5 h6 10. Bh4 Qe7 11. dxe5 dxe5 12. Ne4 Qe6 13. Nxf6+ Nxf6 14. e4 b6
15. O-O Bb7 16. Bg3 Nh5 17. Nd2 Rad8 18. Be2 Nf4 19. Rfe1 Nxe2+ 20. Rxe2 h5 21.
f3 Bh6 22. Nf1 Ba6 23. Ree1 Bxf1 24. Rxf1 Rd2 25. Qb3 Qxb3 26. axb3 a5 27. Rfb1
Rc2 28. Ra4 f6 29. b4 axb4 30. Rxb4 Rd8 31. Be1 Be3+ 32. Kf1 h4 33. h3 Kg7 34.
Rc4 c5 35. b4 b5 36. Rxc5 Bxc5 37. bxc5 Ra8 38. c6 Rc8 39. Rxb5 Rxc6 40. Rb7+
Kh6 41. Rd7 Ra6 42. Bd2+ g5 43. Ke2 Raa2 44. Ke1 Kg6 45. Rd6 Kf7 46. Rd7+ Ke6
47. Rd8 Ra6 48. Ke2 Rd6 49. Rxd6+ Kxd6 50. Kd3 Ra2 51. c4 Ra3+ 52. Ke2 Kc5 53.
Be3+ Kxc4 54. Bf2 Ra2+ 55. Kf1 Kd3 56. g3 hxg3 57. Bxg3 Ke3 0-1

[Event "Open de Provence"]
[Site "?"]
[Date "2009.07.12"]
[Round "9.2"]
[White "Guidarelli, Laurent"]
[Black "Jean, Olivier"]
[Result "1-0"]
[WhiteElo "2436"]
[BlackElo "2217"]
[PlyCount "63"]

1. d4 Nf6 2. Nf3 g6 3. c4 Bg7 4. g3 O-O 5. Bg2 d6 6. O-O Nbd7 7. Nc3 e5 8. e3
c6 9. b3 Qa5 10. Qd2 Re8 11. a4 Qb6 12. Qc2 a5 13. Ba3 exd4 14. exd4 Qc7 15.
Rad1 Nb6 16. d5 Bf5 17. Qc1 c5 18. Nb5 Qb8 19. Bb2 Bd7 20. Qa1 Nh5 21. Bxg7
Nxg7 22. Nc3 Qd8 23. Qc1 Qf6 24. Ng5 Nf5 25. Nge4 Qg7 26. Qg5 Re5 27. f4 Re7
28. g4 Rxe4 29. Nxe4 h6 30. Qf6 Ne3 31. Qxd6 Nxd1 32. Rxd1 1-0

[Event "Open de Provence"]
[Site "?"]
[Date "2009.07.12"]
[Round "9.3"]
[White "Chauvet, Vincent"]
[Black "Nakache, Jonathan"]
[Result "1-0"]
[WhiteElo "1904"]
[BlackElo "1905"]
[PlyCount "83"]

1. e4 c5 2. Nf3 Nc6 3. d4 cxd4 4. Nxd4 Nf6 5. Nc3 e5 6. Ndb5 d6 7. Nd5 Nxd5 8.
exd5 Nb8 9. c4 a6 10. Nc3 Be7 11. Bd3 O-O 12. O-O f5 13. f4 e4 14. Be2 Nd7 15.
Be3 b6 16. Rc1 g5 17. Qe1 gxf4 18. Bxf4 Bh4 19. Qd2 Ne5 20. Bh6 Rf6 21. Bg5
Bxg5 22. Qxg5+ Kf7 23. Bh5+ Ng6 24. Nxe4 fxe4 25. Rxf6+ Qxf6 26. Rf1 Qxf1+ 27.
Kxf1 Ra7 28. Bxg6+ hxg6 29. Qd8 Bf5 30. Kf2 b5 31. Qb6 Re7 32. Ke3 bxc4 33.
Qxa6 c3 34. bxc3 Rc7 35. c4 Bc8 36. Qb5 Bd7 37. Qb4 Ra7 38. Qxd6 Bf5 39. a3 Rb7
40. Kf4 Rb2 41. g4 Rf2+ 42. Kg3 1-0

[Event "Open de Provence"]
[Site "?"]
[Date "2009.07.12"]
[Round "9.4"]
[White "Jeanjean, Dominique"]
[Black "Poulain, Cedric"]
[Result "0-1"]
[WhiteElo "2151"]
[BlackElo "1931"]
[PlyCount "106"]

1. e4 e5 2. Nf3 Nf6 3. Nxe5 d6 4. Nc4 Nxe4 5. d3 Nf6 6. d4 d5 7. Ne3 Bd6 8. Bd3
c6 9. Nd2 O-O 10. Nf3 Ne4 11. O-O f5 12. c4 f4 13. cxd5 Nf6 14. Nc4 Nxd5 15.
Nxd6 Qxd6 16. Qb3 Nd7 17. Re1 N7b6 18. Bd2 Kh8 19. Re5 Bg4 20. Ng5 Nd7 21. Nxh7
Nxe5 22. dxe5 Qxe5 23. Nxf8 Rxf8 24. Re1 Qc7 25. h3 Bh5 26. Qa4 Qd6 27. Qxa7
Nf6 28. Qa3 Qxa3 29. bxa3 Rd8 30. Bxf4 Rxd3 31. Rb1 Rd1+ 32. Rxd1 Bxd1 33. Be5
Be2 34. f3 Bc4 35. g4 Kg8 36. Kf2 Nd5 37. f4 Bxa2 38. f5 Bb1 39. h4 b5 40. Bd4
Kf7 41. h5 Bc2 42. Kg3 Bd1 43. Kh4 Nf6 44. g5 Nxh5 45. g6+ Ke7 46. Kg5 Nf6 47.
Bc5+ Kd7 48. Bf8 Ne8 49. Bxg7 Nxg7 50. f6 Ne6+ 51. Kh6 Bb3 52. Kh7 Nf4 53. g7
Nh5 0-1

[Event "Open de Provence"]
[Site "?"]
[Date "2009.07.12"]
[Round "9.5"]
[White "Nobili, Denis"]
[Black "Deleau, Denis"]
[Result "0-1"]
[WhiteElo "1944"]
[BlackElo "2150"]
[PlyCount "62"]

1. Nf3 g6 2. c4 Bg7 3. g3 e5 4. Nc3 Nc6 5. e3 d6 6. Bg2 Be6 7. d3 h6 8. O-O Qd7
9. Re1 Nge7 10. Rb1 a5 11. a3 O-O 12. b4 axb4 13. axb4 Bh3 14. Bh1 Bg4 15. b5
Nd8 16. Qb3 Ne6 17. Nd5 Nxd5 18. cxd5 Nc5 19. Qc2 Qf5 20. e4 Qh5 21. Nd2 Be2
22. Rb3 Nxb3 23. Nxb3 Bf3 24. Bxf3 Qxf3 25. Nd2 Qg4 26. Qxc7 Rfc8 27. Qxb7 Ra1
28. Nc4 Bf8 29. Kg2 Rca8 30. Nb6 R8a2 31. h3 Rxf2+ 0-1

[Event "Open de Provence"]
[Site "?"]
[Date "2009.07.12"]
[Round "9.6"]
[White "Flores, Francisco"]
[Black "Lemiere, Frederic"]
[Result "1/2-1/2"]
[WhiteElo "1810"]
[BlackElo "2109"]
[PlyCount "45"]

1. e4 e6 2. d4 d5 3. Nc3 Nf6 4. Bg5 Be7 5. e5 Nfd7 6. Bxe7 Qxe7 7. f4 a6 8. Nf3
c5 9. Qd2 Nc6 10. Ne2 b5 11. c3 Bb7 12. Ng3 f6 13. Bd3 cxd4 14. cxd4 Qb4 15.
Rc1 Qxd2+ 16. Kxd2 Kf7 17. Rhf1 Rac8 18. b3 Nb4 19. Bb1 h6 20. h4 Rxc1 21. Kxc1
f5 22. Kd2 Rc8 23. a3 1/2-1/2

[Event "Open de Provence"]
[Site "?"]
[Date "2009.07.12"]
[Round "9.7"]
[White "Girard, Jean-Pierre"]
[Black "Flores, Adrian"]
[Result "1/2-1/2"]
[WhiteElo "1938"]
[BlackElo "1680"]
[PlyCount "142"]

1. e4 c5 2. Nf3 d6 3. d4 cxd4 4. Nxd4 Nf6 5. Nc3 a6 6. Bg5 e6 7. f4 Be7 8. Qf3
h6 9. Bh4 e5 10. Nf5 Bxf5 11. exf5 Nc6 12. Bxf6 Bxf6 13. Bd3 O-O 14. O-O Qb6+
15. Kh1 Bd8 16. Nd5 Qc5 17. f6 g6 18. Be4 Nb4 19. fxe5 Nxd5 20. Bxd5 dxe5 21.
c4 Bc7 22. Rae1 Rad8 23. Bxb7 Rd6 24. Bd5 Bd8 25. Qg3 Rxf6 26. Rxf6 Bxf6 27.
Qxg6+ Bg7 28. Qf5 Qd4 29. Be4 Rd8 30. b3 Rd6 31. Qc8+ Rd8 32. Qf5 Rd6 33. Bf3
Qf2 34. Qe4 Qxa2 35. c5 Rd8 36. Qb1 Qa5 37. c6 Rc8 38. Rd1 Qb5 39. Qd3 Qxd3 40.
Rxd3 f5 41. Bd5+ Kf8 42. Kg1 e4 43. Rd1 Ke7 44. Kf1 Be5 45. h3 Kf6 46. Rc1 e3
47. Ke2 f4 48. Bf3 Rc7 49. Rd1 Ke7 50. Rd5 Kf6 51. Ra5 Ra7 52. Be4 Bc7 53. Rh5
Kg7 54. Kd3 a5 55. Rb5 Kf6 56. Rb7 Rxb7 57. cxb7 Ke6 58. Bf3 Ke5 59. Kc4 Bb8
60. Kc5 Ke6 61. Kb6 Kd7 62. Kxa5 Kd6 63. Kb5 Ke5 64. Kc6 Ke6 65. Bg4+ Ke7 66.
b4 Kd8 67. b5 Ke7 68. h4 Kd8 69. Kd5 Ke7 70. h5 Kf6 71. Kc6 Ke7 1/2-1/2

[Event "Open de Provence"]
[Site "?"]
[Date "2009.07.12"]
[Round "9.8"]
[White "Fayette, Sylvain"]
[Black "Giry, Jean-Marc"]
[Result "1-0"]
[WhiteElo "2023"]
[BlackElo "2006"]
[PlyCount "85"]

1. e4 e6 2. d4 d5 3. Nd2 Nf6 4. e5 Nfd7 5. Bd3 c5 6. c3 Nc6 7. Ne2 cxd4 8. cxd4
f6 9. exf6 Nxf6 10. Nf3 Bd6 11. O-O Qc7 12. Nc3 a6 13. Bg5 O-O 14. Rc1 Bd7 15.
Re1 Rae8 16. Bb1 Re7 17. Qd3 Be8 18. Ne5 Bxe5 19. dxe5 Nxe5 20. Qg3 Nc4 21.
Bxf6 Qxg3 22. hxg3 gxf6 23. Nxd5 Rd7 24. Nxf6+ Rxf6 25. Rxc4 Rd2 26. f3 Rxb2
27. Rc8 Rf8 28. Bxh7+ Kxh7 29. Rxe6 Rxa2 30. Rcxe8 Rxe8 31. Rxe8 b5 32. Rb8
Ra1+ 33. Kh2 Ra4 34. g4 b4 35. Kg3 a5 36. Kf4 Ra2 37. Rb5 Ra3 38. Kf5 b3 39.
Rb7+ Kg8 40. Kg6 Kf8 41. Kf6 Ke8 42. g5 a4 43. g6 1-0

[Event "Open de Provence"]
[Site "?"]
[Date "2009.07.12"]
[Round "9.9"]
[White "Del Vecchio, Alain"]
[Black "Baquer, Marc"]
[Result "1-0"]
[WhiteElo "1900"]
[BlackElo "1807"]
[PlyCount "33"]

1. e4 e6 2. d4 d5 3. Nc3 Nf6 4. e5 Nfd7 5. f4 c5 6. Nf3 Nc6 7. Be3 cxd4 8. Nxd4
Bc5 9. Qd2 a6 10. O-O-O Nxd4 11. Bxd4 b5 12. Ne4 Qc7 13. Bxc5 dxe4 14. Bd6 Qc6
15. f5 Nb6 16. Qg5 f6 17. Qxg7 1-0

[Event "Open de Provence"]
[Site "?"]
[Date "2009.07.12"]
[Round "9.10"]
[White "Battaglia, Gerard"]
[Black "Noireaut, Hung"]
[Result "1-0"]
[WhiteElo "1912"]
[BlackElo "1746"]
[PlyCount "53"]

1. d4 d5 2. c4 e6 3. Nf3 c6 4. g3 dxc4 5. a4 b5 6. Bg2 Bb7 7. O-O Nf6 8. Ne5
Qc8 9. e4 Bd6 10. Nxf7 Kxf7 11. e5 Bc7 12. exf6 gxf6 13. Qh5+ Ke7 14. Qh6 Kf7
15. Qh5+ Ke7 16. Re1 a6 17. Bh3 Qf8 18. Bh6 Qf7 19. Rxe6+ Qxe6 20. Bxe6 Kxe6
21. Nc3 Bd6 22. Re1+ Kd7 23. Qf7+ Kc8 24. Ne4 Bb4 25. Bd2 Bxd2 26. Nd6+ Kd8 27.
Qe7# 1-0

[Event "Open de Provence"]
[Site "?"]
[Date "2009.07.12"]
[Round "9.11"]
[White "Maury, Claude"]
[Black "Sartre, Guilhem"]
[Result "1/2-1/2"]
[WhiteElo "1883"]
[BlackElo "1677"]
[PlyCount "95"]

1. d4 f5 2. Bf4 Nf6 3. e3 e6 4. Nf3 b6 5. Bd3 Bb7 6. Nbd2 Be7 7. Qe2 d6 8. O-O
O-O 9. Bg5 Nbd7 10. Bc4 Nd5 11. Bxe7 Qxe7 12. Bb3 Rf6 13. Bxd5 Bxd5 14. e4 fxe4
15. Nxe4 Rf4 16. Ned2 e5 17. dxe5 Nxe5 18. Nxe5 Re8 19. Qe3 Qxe5 20. Qxe5 Rxe5
21. Rfe1 Rxe1+ 22. Rxe1 Rd4 23. Nf3 Bxf3 24. gxf3 Kf7 25. Re2 Rd1+ 26. Kg2 Ra1
27. a3 Rb1 28. b3 Ra1 29. a4 Rd1 30. Kg3 Kf6 31. f4 Rg1+ 32. Kf3 Rh1 33. Kg2
Rd1 34. Kg3 Rd5 35. Kf3 c6 36. h4 a6 37. Kg4 h5+ 38. Kf3 Rd1 39. Re3 c5 40. Re2
Rg1 41. Rd2 Ke6 42. Re2+ Kd7 43. Ke4 Rg4 44. f3 Rg3 45. f5 Rg1 46. Kf4 b5 47.
axb5 axb5 48. Rd2 1/2-1/2

[Event "Open de Provence"]
[Site "?"]
[Date "2009.07.12"]
[Round "9.12"]
[White "Valette, Patrick"]
[Black "Burmonas, Romain"]
[Result "1-0"]
[WhiteElo "1855"]
[BlackElo "1611"]
[PlyCount "123"]

1. e4 d5 2. exd5 Qxd5 3. Nc3 Qd6 4. d4 Nf6 5. Nf3 Bg4 6. Be2 a6 7. Be3 Nc6 8.
a3 O-O-O 9. O-O Bxf3 10. Bxf3 Nxd4 11. Bxd4 Qxd4 12. Qe2 Qb6 13. Rfd1 Rxd1+ 14.
Rxd1 e6 15. b4 Bd6 16. Rb1 Rd8 17. a4 Qd4 18. Na2 Nd5 19. c4 Nc3 20. Nxc3 Qxc3
21. Qe4 b6 22. Qb7+ Kd7 23. Qxa6 Ke7 24. Qb5 Qc2 25. Qg5+ Kd7 26. Rd1 Kc8 27.
g3 Qxa4 28. c5 Be7 29. Rxd8+ Bxd8 30. Qxg7 Qxb4 31. c6 Qb1+ 32. Kg2 Qf5 33. Qa1
Qa5 34. Qd1 Qg5 35. Qd3 Bf6 36. Qd7+ Kb8 37. Qxf7 h6 38. Qxe6 Bd8 39. h4 Qd2
40. Qc4 Ka7 41. Qa4+ Qa5 42. Qd4 Be7 43. Qg7 Bd6 44. Qxh6 b5 45. Qe3+ Qb6 46.
Qxb6+ Kxb6 47. Be4 b4 48. g4 Kc5 49. Kf3 Kd4 50. g5 Ke5 51. Bb1 Ke6 52. Kg4 Kf7
53. f4 Kg7 54. h5 Bc5 55. h6+ Kg8 56. f5 Bd4 57. f6 Bc3 58. Kf5 Bd4 59. g6 b3
60. h7+ Kh8 61. Ke6 b2 62. g7# 1-0

[Event "Open de Provence"]
[Site "?"]
[Date "2009.07.12"]
[Round "9.13"]
[White "Madranges, Jean"]
[Black "Navarro, Bertrand"]
[Result "1/2-1/2"]
[WhiteElo "1733"]
[BlackElo "1790"]
[PlyCount "98"]

1. d4 Nf6 2. Nf3 d6 3. Nc3 c6 4. e4 g6 5. Be3 Qa5 6. Bd3 Bg7 7. h3 b5 8. O-O
Nbd7 9. Qd2 e5 10. dxe5 Nxe5 11. Nxe5 dxe5 12. Bh6 O-O 13. Bxg7 Kxg7 14. f4
Qb6+ 15. Kh2 Qc7 16. f5 h6 17. fxg6 fxg6 18. Rf3 Be6 19. Raf1 Nh7 20. Qe3 Rxf3
21. Rxf3 Rf8 22. Rxf8 Nxf8 23. Qg3 b4 24. Na4 c5 25. b3 Nd7 26. Bb5 Nf6 27. Qd3
Qe7 28. Bc4 Bd7 29. Nb2 Bc6 30. Bd5 Bxd5 31. exd5 e4 32. Qg3 Nxd5 33. Nc4 e3
34. Ne5 Qf6 35. Ng4 Qf4 36. Qxf4 Nxf4 37. Nxe3 Ne2 38. Nc4 Nd4 39. Na5 Nxc2 40.
Nb7 Nd4 41. Nxc5 Kf7 42. Nd3 Nc6 43. Kg3 Kf6 44. Kf4 Ke6 45. Ke4 g5 46. g4 a5
47. Nc5+ Kd6 48. Nd3 Ke6 49. Nb2 Ne7 1/2-1/2

[Event "Open de Provence"]
[Site "?"]
[Date "2009.07.12"]
[Round "9.14"]
[White "Benali, Boubaker"]
[Black "Nocolai, Eric"]
[Result "1-0"]
[WhiteElo "1770"]
[BlackElo "1700"]
[PlyCount "51"]

1. d4 d5 2. c4 e6 3. Nc3 Nf6 4. Nf3 Nbd7 5. cxd5 exd5 6. Bg5 c6 7. e3 Be7 8.
Bd3 h6 9. Bh4 O-O 10. O-O Re8 11. Qc2 Nf8 12. Ne5 N6d7 13. Bxe7 Qxe7 14. Nf3
Nf6 15. Nd2 Qd7 16. b4 Qd6 17. b5 Ng4 18. Nf3 c5 19. dxc5 Qxc5 20. Rfe1 a6 21.
Qd2 Bd7 22. Nxd5 Kh8 23. Nc3 axb5 24. Rac1 Qh5 25. Ne2 Ng6 26. Bxg6 1-0

[Event "Open de Provence"]
[Site "?"]
[Date "2009.07.12"]
[Round "9.15"]
[White "Loysel, Yves"]
[Black "Colandrea, Sauveur"]
[Result "0-1"]
[WhiteElo "1870"]
[BlackElo "1901"]
[PlyCount "70"]

1. e4 Nf6 2. e5 Nd5 3. d4 d6 4. Nf3 g6 5. Bc4 Nb6 6. Bb3 Bg7 7. Ng5 e6 8. f4 h6
9. Nf3 Nc6 10. c3 Nd5 11. O-O Bd7 12. Qe1 Nde7 13. Nbd2 Na5 14. Bc2 Bb5 15. Rf2
Nc4 16. Ne4 Nf5 17. b3 Nb6 18. c4 Bd7 19. Ba3 d5 20. cxd5 Nxd5 21. Rc1 Bf8 22.
Bb2 Be7 23. Nc5 Bc6 24. Qd2 Nh4 25. Nxh4 Bxh4 26. g3 Be7 27. Qe2 Bxc5 28. dxc5
Qe7 29. a3 a5 30. Qd2 O-O-O 31. Qxa5 Ne3 32. Qe1 Ng4 33. Rd2 Qxc5+ 34. Bd4 Rxd4
35. Bf5 Rc4+ 0-1

[Event "Open de Provence"]
[Site "?"]
[Date "2009.07.12"]
[Round "9.16"]
[White "Madranges, Julien"]
[Black "Chazeau, Laineur-Lothaire"]
[Result "1-0"]
[WhiteElo "1904"]
[BlackElo "1650"]
[PlyCount "97"]

1. d4 Nf6 2. Nf3 d5 3. e3 Bf5 4. c4 e6 5. Qb3 Nc6 6. Bd2 Qc8 7. Nc3 dxc4 8.
Bxc4 a6 9. O-O Bd6 10. Rfe1 Nd7 11. h3 Na5 12. Qa4 Nxc4 13. Qxc4 O-O 14. Nh4
Bg6 15. Nxg6 hxg6 16. Ne4 Nb6 17. Qb3 Nd5 18. Rac1 Qb8 19. Nc5 Bxc5 20. Rxc5 b6
21. Rc2 Rd8 22. Rec1 Ra7 23. Be1 Rb7 24. f3 Nf6 25. Bg3 Ne8 26. Rc6 Kh7 27. Qc4
Qa7 28. e4 b5 29. Qc5 Qxc5 30. R1xc5 a5 31. Kf2 Kg8 32. Ke3 Kf8 33. Kd3 Ke7 34.
b3 Kd7 35. Ra6 a4 36. bxa4 bxa4 37. Rxa4 Rb2 38. Rc2 Rb1 39. Ra7 f5 40. a4 g5
41. exf5 exf5 42. Be5 Rd1+ 43. Ke2 Rb1 44. a5 Rbb8 45. Ra6 Ke7 46. Rg6 g4 47.
hxg4 fxg4 48. Rxg4 Ra8 49. Rc5 1-0

[Event "Open de Provence"]
[Site "?"]
[Date "2009.07.12"]
[Round "9.17"]
[White "Scamaroni, Jean-Paul"]
[Black "Jean, Nicolas"]
[Result "1-0"]
[WhiteElo "1830"]
[BlackElo "1680"]
[PlyCount "79"]

1. d4 d5 2. c4 c6 3. Nf3 e6 4. cxd5 exd5 5. Nc3 Nf6 6. Bg5 h6 7. Bh4 g5 8. Bg3
Bb4 9. Rc1 Ne4 10. Qb3 Qe7 11. a3 Nxg3 12. hxg3 Ba5 13. e3 Nd7 14. Bd3 Nf6 15.
O-O Ne4 16. Nxd5 cxd5 17. Qb5+ Qd7 18. Qxa5 b6 19. Qb4 Kd8 20. Ne5 Qe6 21. Rc6
Qe7 22. Qxe7+ Kxe7 23. Bxe4 dxe4 24. Rc7+ Kd6 25. Rxf7 Be6 26. f3 Bxf7 27.
Nxf7+ Kd5 28. Nxh8 Rxh8 29. Rc1 exf3 30. gxf3 Rf8 31. Kf2 Rf6 32. b3 a5 33. Rc3
h5 34. Rc7 h4 35. gxh4 gxh4 36. Rh7 Rc6 37. Rxh4 Rc3 38. Rh5+ Kd6 39. Rb5 Kc6
40. a4 1-0

[Event "Open de Provence"]
[Site "?"]
[Date "2009.07.12"]
[Round "9.18"]
[White "Montanelli, Tristan"]
[Black "Vighetti, Patrice"]
[Result "1-0"]
[WhiteElo "1638"]
[BlackElo "1690"]
[PlyCount "131"]

1. f4 e6 2. Nf3 Nf6 3. d4 d5 4. e3 c5 5. c3 Nc6 6. Bd3 cxd4 7. cxd4 Bd7 8. Nc3
Rc8 9. Bd2 g6 10. O-O Bg7 11. Rc1 a6 12. Ne5 O-O 13. Qe1 Ne8 14. Rf3 f5 15. Kh1
Nxe5 16. fxe5 Bh8 17. Qg3 Ng7 18. Rcf1 Nh5 19. Qh3 Qe7 20. g4 fxg4 21. Qxg4
Rxf3 22. Rxf3 Be8 23. Nxd5 exd5 24. Qxc8 Qd7 25. Qc5 Bg7 26. Bb4 h6 27. Qe7 Qa4
28. b3 Qc6 29. Qc5 Qe6 30. Be2 Kh7 31. Qc1 Qg4 32. Qf1 Qh4 33. Bd3 Bxe5 34. Rh3
Qg4 35. dxe5 Bc6 36. Bd6 d4+ 37. e4 Bxe4+ 38. Bxe4 Qxe4+ 39. Qf3 Qe1+ 40. Kg2
Qd2+ 41. Kf1 Qc1+ 42. Kf2 Qd2+ 43. Kg1 Qc1+ 44. Qf1 Qg5+ 45. Kh1 Qg4 46. Qf3
Qg5 47. e6 Qc1+ 48. Kg2 Qc2+ 49. Kf1 Qc1+ 50. Kf2 Qc2+ 51. Qe2 Qc6 52. e7 Nf6
53. e8=Q Nxe8 54. Bf4 h5 55. Qd3 Qd5 56. Rg3 Qc6 57. Rg5 Ng7 58. Be5 Nf5 59.
Rxf5 gxf5 60. Qxf5+ Kg8 61. Qg5+ Kf7 62. Qf5+ Ke8 63. Qxh5+ Kd7 64. Qf5+ Ke7
65. Bxd4 b5 66. Qc5+ 1-0

[Event "Open de Provence"]
[Site "?"]
[Date "2009.07.12"]
[Round "9.19"]
[White "Giry, Valentin"]
[Black "Estevez, Ange"]
[Result "1/2-1/2"]
[WhiteElo "1370"]
[BlackElo "1640"]
[PlyCount "73"]

1. e4 e5 2. Nf3 Nf6 3. Nxe5 d6 4. Nf3 Nxe4 5. d3 Nf6 6. Nc3 d5 7. d4 Be7 8. Bd3
O-O 9. O-O Nc6 10. Re1 Bg4 11. Be3 Nb4 12. Be2 Bf5 13. Rc1 a6 14. a3 Nc6 15.
Bd3 Ne4 16. Bxe4 Bxe4 17. Nxe4 dxe4 18. Nd2 f5 19. c3 Kh8 20. f3 f4 21. Bxf4
Rxf4 22. Nxe4 Qf8 23. Qb3 Rb8 24. Re2 h6 25. Rce1 Qf7 26. Qxf7 Rxf7 27. Nd2 Bh4
28. Re8+ Rxe8 29. Rxe8+ Kh7 30. Re2 Re7 31. Ne4 Rf7 32. Nc5 Re7 33. Rxe7 Nxe7
34. Nxb7 Nd5 35. Nc5 a5 36. a4 Bg5 37. Nb3 1/2-1/2

[Event "Open de Provence"]
[Site "?"]
[Date "2009.07.12"]
[Round "9.20"]
[White "Noireaut, Hoan"]
[Black "Aubry, Michel"]
[Result "1-0"]
[WhiteElo "1500"]
[BlackElo "1499"]
[PlyCount "37"]

1. d4 f5 2. Bf4 e6 3. Nf3 Nf6 4. e3 Be7 5. Bd3 O-O 6. c4 d6 7. Nbd2 Nbd7 8. Rc1
c5 9. Qe2 Nb6 10. dxc5 dxc5 11. Ne5 Qe8 12. Qf3 Nh5 13. Bg3 Nxg3 14. hxg3 Rf6
15. g4 fxg4 16. Bxh7+ Kf8 17. Qxg4 Bd6 18. Bg6 Rxg6 19. Rh8+ 1-0

[Event "Open de Provence"]
[Site "?"]
[Date "2009.07.12"]
[Round "9.21"]
[White "Benezra, David"]
[Black "Bizien, Antoine"]
[Result "1-0"]
[WhiteElo "1440"]
[BlackElo "1400"]
[PlyCount "57"]

1. e4 c5 2. Nf3 d6 3. d4 cxd4 4. Nxd4 Nf6 5. Nc3 a6 6. f3 e5 7. Nb3 Be6 8. Be3
Be7 9. Qd2 b5 10. O-O-O O-O 11. g4 h6 12. h4 Nh7 13. Nd5 Bxd5 14. exd5 Nd7 15.
g5 hxg5 16. hxg5 Bxg5 17. Kb1 Bxe3 18. Qxe3 Qg5 19. Qf2 Rac8 20. Qh2 Qh6 21.
Bd3 Qxh2 22. Rxh2 Ng5 23. Rdh1 f6 24. Bg6 Nf7 25. Bh7+ Kh8 26. Bf5+ Nh6 27.
Bxd7 Rcd8 28. Be6 Rfe8 29. Nd2 1-0